000 00853pam a2200229 a 4500
001 1389312
005 19830727000000.0
008 821115s1983 enka b 001 0 eng
010 _a 82022154
020 _a0412003619
040 _aDLC
_cDLC
_dDLC
050 0 0 _aTC157.8
_b.K68 1983
082 0 0 _a627
_222
_bKOU
100 1 _aKoutitas, Christopher G.
_97102
245 1 0 _aElements of Computational Hydraulics /
_cChristopher G. Koutitas.
260 _aLondon :
_bPentech Press ;
_aNew York :
_bDistributed in the USA by Chapman and Hall,
_c1983.
300 _av, 138 p. :
_bill. ;
_c23 cm.
504 _aIncludes bibliographical references and index.
650 0 _aHydraulics
_xData processing.
_97103
942 _2ddc
_cBB
999 _c12078
_d12078